Trẻ thơ hát Tuyển tập bài hát nhà trẻ-mẫu giáo
v.v...
Đã lưu trong:
| Tác giả chính: | |
|---|---|
| Định dạng: | Sách |
| Năm xuất bản: |
H.
Âm nhạc
1994
|
| Chủ đề: | |
| Tags: |
Thêm thẻ
Không có thẻ, Hãy là người đầu tiên gắn thẻ bản ghi này!
|
| LEADER | 00572nam a2200157 4500 | ||
|---|---|---|---|
| 082 | |a 372.87 |b TR200th. | ||
| 100 | |a Hoàng Văn Yến | ||
| 245 | |a Trẻ thơ hát |b Tuyển tập bài hát nhà trẻ-mẫu giáo |c Hoàng Văn Yến tuyển chọn | ||
| 260 | |a H. |b Âm nhạc |c 1994 | ||
| 300 | |a 88tr. |c 26cm | ||
| 520 | |a v.v... | ||
| 653 | |a Giáo dục mẫu giáo | ||
| 653 | |a bài hát | ||
| 942 | |2 ddc |c SH | ||
| 999 | |c 10196 |d 10196 | ||
| 952 | |0 0 |1 0 |2 ddc |4 0 |6 372_870000000000000_TR200TH |7 0 |8 300 |9 79263 |a qbu |b qbu |c D2 |d 2015-07-20 |g 9000 |o 372.87 TR200th |p 9979.c1 |r 0000-00-00 |w 2015-07-20 |y SH | ||